000 00373nam a2200157Ia 4500
008 230312s9999||||xx |||||||||||||| ||und||
020 _a969-8486-05-1
082 _a612.015
_bMUK-H
100 _aHashmi;M.A
245 0 _aMedical Biochemistry
260 _bAllied Book
_aPakistan
_c2011
300 _a527
546 _aEng.
650 _aMedical
_vBiochemistry
942 _cBK
999 _c5088
_d5088